000 00746nam a2200253 a 4500
001 000023843
003 DO-SdBNP
005 20240503073631.0
007 ta
008 110114s2005 sp 000 0 spa d
020 _a8474907721
040 _aDO-SdBNP
_bspa
_cDO-SdBNP
082 4 _a863.3
_bC419do 2005
_222
100 1 _aCervantes Saavedra, Miguel de,
_d1547-1616
_93070
245 1 0 _aDon Quijote de la mancha /
_cMiguel de Cervantes
260 _aMadrid :
_bEncuentro Ediciones,
_c2005.
300 _a1085 p. :
_c21 cm.
590 _aInventariado, 2020/VM
650 4 _aNovela española
_91123
650 4 _aLiteratura epañola
_976857
910 _aSaquino/Validado. Control de calidad MFF
942 _2ddc
_cLBS1
956 _aVMateo
999 _c23339
_d23339